Every Single Zombie in PvZ - Statistics

General Stats
  • This quiz has been taken 19 times
  • The average score is 115 of 1006
Answer Stats
Hint Answer % Correct
zombie
88%
buckethead zombie
82%
conehead zombie
82%
gargantuar
71%
imp
71%
all star
59%
flag zombie
59%
pvz 2 mummy zombie
53%
pvz 1 basic zombie
47%
dr zomboss
47%
football zombie
47%
newspaper zombie
47%
super brainz
47%
balloon zombie
41%
buckethead mummy
41%
catapult zombie
41%
conehead mummy
41%
digger zombie
41%
gatling pea zombie
41%
zombotany (pvz 1) peashooter zombie
41%
pirate zombie
41%
pogo zombie
41%
vasebreaker vase gargantuar
41%
yeti imp
41%
zomboss
41%
bungee zombie
35%
dolphin
35%
explorer zombie
35%
giga gargantuar
35%
imp cannon
35%
jalapeno zombie
35%
jetpack zombie
35%
ladder zombie
35%
pole vaulting zombie
35%
pyramid head zombie
35%
ra zombie
35%
snorkel zombie
35%
squash zombie
35%
wall nut zombie
35%
yeti zombie
35%
zombie king
35%
zomboni
35%
all star zombie
29%
arcade zombie
29%
backup dancer
29%
brickhead zombie
29%
buckethead pirate
29%
camel zombies
29%
captain deadbeard
29%
cave buckethead
29%
cave conehead
29%
cave zombie
29%
conehead cowboy
29%
conehead pirate
29%
cowboy zombie
29%
dancing zombie
29%
bosses (GW1) disco zombie
29%
fisherman zombie
29%
flag mummy zombie
29%
PvZ Garden Warfare 1 foot soldier
29%
future zombie
29%
gunpowder devil
29%
healer zombie
29%
imp dragon
29%
imp mummy
29%
imp pirate
29%
jack in the box zombie
29%
jester
29%
knight zombie
29%
pelican zombie
29%
pharaoh zombie
29%
punk zombie
29%
scientist
29%
screen door zombie
29%
seagull zombie
29%
tomb raiser zombie
29%
wizard
29%
zombie bobsled team
29%
zombie bull
29%
zombie chicken
29%
zombie parrot
29%
8 bit zombie
24%
amberhead zombie
24%
archmage zombie
24%
barrel roller zombie
24%
pvz adventures barrel zombie
24%
bikini buckethead
24%
bikini conehead
24%
bikini zombie
24%
blade wielding hero
24%
spawnables (GW1) browncoat zombie
24%
buckethead peasant
24%
buckethead poker zombie
24%
arenaz cardio zombie
24%
carnie zombie
24%
cavalry zombie
24%
chicken wrangler zombie
24%
chief ice wind zombie
24%
conehead poker zombie
24%
dark ages gargantuar
24%
discotron 3000
24%
dodo
24%
dolphin rider
24%
dragon
24%
excavator zombie
24%
exploding zombie
24%
flag poker zombie
24%
journey to the west flying imp
24%
future buckethead zombie
24%
future conehead zombie
24%
future flag zombie
24%
gargantuar pirate
24%
gargantuar prime
24%
gentleman zombie
24%
gong zombie
24%
holohead zombie
24%
hunter zombie
24%
impfinity
24%
imp monk
24%
jester zombie
24%
jolly roger zombie
24%
jurassic buckethead
24%
jurassic bully
24%
jurassic conehead
24%
lost city imp
24%
lost doctor zombie
24%
lost guide zombie
24%
mc zom b
24%
mummified gargantuar
24%
nunchaku zombie
24%
octo zombie
24%
parasol zombie
24%
peasant flag zombie
24%
peasant zombie
24%
pianist zombie
24%
pirate captain zombie
24%
secret realms poker zombie
24%
pompadour buckethead
24%
pompadour conehead
24%
pompadour zombie
24%
poncho zombie
24%
qigong bronze
24%
qigong zombie
24%
robo cone zombie
24%
roman caesar zombie
24%
roman shield zombie
24%
shield zombie
24%
ski zombie
24%
sloth gargantuar
24%
strongman gargantuar
24%
sunday edition zombie
24%
super fan imp
24%
surfer zombie
24%
swashbuckler zombie
24%
tall nut zombie
24%
torchlight zombie
24%
other (pvz 2) treasure yeti
24%
troglobite
24%
weasel hoarder
24%
wild west gargantuar
24%
wizard zombie
24%
z mech
24%
zmech
24%
zombie bull rider
24%
zombie yeti
24%
zombot tomorrowtron
24%
8 bit buckethead zombie
18%
8 bit conehead zombie
18%
adventurer zombie
18%
aristocrat zombie
18%
assassin zombie
18%
ballerina zombie
18%
bandit zombie
18%
barrelhead pirate
18%
bass zombie
18%
beach flag zombie
18%
blockhead zombie
18%
boombox zombie
18%
breakdancer zombie
18%
buckethead adventurer zombie
18%
buckethead aristocrat zombie
18%
buckethead cowboy
18%
buckethead kongfu zombie
18%
buckethead labor zombie
18%
buckethead monk zombie
18%
buckethead pilot zombie
18%
bug bot imp
18%
bust head zombie
18%
#caketank
18%
carnie cannon
18%
carnie conehead
18%
carnie imp
18%
carnie imp twins
18%
cart head zombie
18%
cave flag zombie
18%
centurion
18%
centurion zombie
18%
coal miner zombie
18%
coffin zombie
18%
conehead adventurer zombie
18%
conehead aristocrat zombie
18%
conehead kongfu zombie
18%
conehead labor zombie
18%
conehead monk zombie
18%
conehead peasant
18%
conehead pilot zombie
18%
cowboy rally zombie
18%
disco jetpack zombie
18%
dodo rider zombie
18%
dolphin rider zombie
18%
drinking monk zombie
18%
drinking zombie
18%
ducky tube zombie
18%
egg pusher imp
18%
eggshell imp
18%
egg stealer imp
18%
egypt rally zombie
18%
engineer
18%
feastivus zombie
18%
flag adventurer zombie
18%
flag aristocrat zombie
18%
flag cowboy zombie
18%
flag kongfu zombie
18%
flag labor zombie
18%
flag monk zombie
18%
flag pilot zombie
18%
flag pirate zombie
18%
flying gargantuar
18%
foreman gargantuar
18%
furnace zombie
18%
giga football zombie
18%
gladiator gargantuar
18%
glider zombie
18%
glitter zombie
18%
golf star
18%
grinderhead zombie
18%
guard gargantuar
18%
hair metal gargantuar
18%
hammer zombie
18%
han bronze
18%
hovergoat 3000
18%
ice weasel
18%
imp porter
18%
impunk
18%
industrial imp
18%
jurassic flag zombie
18%
jurassic fossilhead
18%
jurassic gargantuar
18%
jurassic imp
18%
jurassic rally zombie
18%
jurassic rockpuncher
18%
jurassic zombie
18%
pvz 2 chinese kongfu zombie
18%
labor zombie
18%
lightning gun zombie
18%
lil drake
18%
lost pilot zombie
18%
mall cop zombie
18%
mecha football zombie
18%
missile zombie
18%
monk zombie
18%
neon buckethead zombie
18%
neon conehead zombie
18%
neon flag zombie
18%
neon zombie
18%
ninjimp
18%
nutcracker zombie
18%
oil truck zombie
18%
perfume zombie
18%
pilot zombie
18%
pole zombie
18%
porter gargantuar
18%
prospector zombie
18%
rally zombie
18%
red queen imp
18%
riot police zombie
18%
robo rally zombie
18%
rocket zombie
18%
rodeo legend zombie
18%
roman buckethead
18%
roman conehead
18%
roman flag zombie
18%
roman imp
18%
penny's pursuit roman zombie
18%
sculptor imp
18%
shell zombie
18%
shogun gargantuar
18%
shrimp
18%
skeleton demon zombie
18%
snow pea zombie
18%
solar car zombie
18%
stiltwalker zombie
18%
swordsman zombie
18%
pvz heroes the smash
18%
torch kongfu zombie
18%
torch monk zombie
18%
turquoise skull zombie
18%
walrus zombie
18%
witch zombie
18%
zcorp buckethead
18%
zcorp chair racer
18%
zcorp conehead
18%
zcorp consultant
18%
zcorp contractor
18%
zcorp flag zombie
18%
zcorp helpdesk
18%
Zcorpion zombie
18%
zcorp new hire
18%
zombie fighter
18%
zombie medusa
18%
zombie monkey
18%
zomblob
18%
zombot dark dragon
18%
zombot dinotronic mechasaur
18%
zombot multistage masher
18%
zombot plankwalker
18%
zombot sharktronic sub
18%
zombot sphinxinator
18%
zombot tuskmaster 10000 bc
18%
zombot vulture fighter
18%
zombot war wagon
18%
admiral helmet monk zombie
12%
admiral helmet zombie
12%
announcer imp
12%
arbiter x
12%
arctic trooper
12%
aristocrat gargantuar
12%
balloon imp
12%
bamboo baskethead zombie
12%
baseball zombie
12%
beggar zombie
12%
blastronaut zombie
12%
bling pylon mech
12%
breakfast brainz
12%
buckethead ducky tube zombie
12%
buckethead samurai zombie
12%
bug zombie
12%
captain cannon
12%
carnie buckethead
12%
carnie flag zombie
12%
carnie imp split
12%
carp
12%
carp rider zombie
12%
chemist
12%
pvz great wall edition commoner zombie
12%
fight the sea demons conchhead zombie
12%
conehead ducky tube zombie
12%
conehead samurai zombie
12%
conga dancer
12%
conga leader
12%
crab imp
12%
deep sea gargantuar
12%
desert death zombie
12%
disinfection zombie
12%
dj uplink
12%
DJ Zom B
12%
dog
12%
dog walker
12%
door zombie
12%
double cabin aircraft zombie
12%
dragon king of the east sea zombot
12%
drake mech
12%
dr chester
12%
electric slide
12%
electromagnetic shield generator
12%
memory lane elite healer zombie
12%
elite lightning gun zombie
12%
emperor zombot
12%
encourager gargantuar
12%
explode o nut zombie
12%
exploding imp
12%
feastivus buckethead
12%
feastivus conehead
12%
feastivus flag zombie
12%
firebreather zombie
12%
firecracker zombie
12%
firework zombie
12%
fish thrower imp
12%
flagger zombie
12%
flag samurai zombie
12%
flower thief zombie
12%
gargantuar mime
12%
gargimp legal
12%
gas can zombie
12%
gatling bot
12%
goalie star
12%
god of wealth
12%
golden gatling bot
12%
goose tube zombie
12%
gravedigger
12%
guard cavalry zombie
12%
head office impgantuar
12%
hockey star
12%
house gargantuar
12%
ice block zombie
12%
imp mermaid zombie
12%
imposter
12%
imp pear imp
12%
imp punt
12%
ingot thief zombie
12%
kid taoist monk zombie
12%
knight bronze
12%
kongming lantern zombie
12%
other (pvz 2 china) lion dancer zombie
12%
lobsterhead runner zombie
12%
lollipop zombie
12%
magician zombie
12%
mammoth
12%
map pirate
12%
marine biologist
12%
marshal zombie
12%
mech gargantuar
12%
mino zombie
12%
mirror queen zombie
12%
money tree zombie
12%
pvz social edition mustache zombie
12%
neptuna
12%
new year fan imp
12%
nian beast zombie
12%
oil truck zombie team
12%
onmyoji zombie
12%
outhouse zombie
12%
ox demon king zombot
12%
Garden Warfare 2 park ranger
12%
physicist
12%
pistol zombie
12%
professor brainstorm
12%
pumpkin ghost
12%
pumpkin knight zombie
12%
pylon imp
12%
pylon mech
12%
quickdraw conman
12%
rabbit imp
12%
red boy imp
12%
relic hunter zombie
12%
build-a-bots (GW2) rocket bot
12%
rocket imp
12%
rocket scientist
12%
samurai zombie
12%
sanitation expert
12%
scuba soldier
12%
seahorse pogo zombie
12%
skeleton zombie
12%
sky trooper
12%
space cadet
12%
sphinx
12%
spider devil zombie
12%
summer nights buckethead
12%
summer nights conehead
12%
summer nights flag zombie
12%
summer nights zombie
12%
sushi chef zombie
12%
great wall edition survival talisman zombie
12%
taoist leader zombie
12%
target zombie
12%
tortoise zombie
12%
toy car imp
12%
transport boat
12%
other (pvz 1) trash can zombie
12%
trickster
12%
tudigong
12%
tudigong zombie
12%
tv head
12%
uplink bot
12%
vampire imp
12%
vimpire
12%
welder
12%
wolf zombie
12%
wraith zombie
12%
wrestling star
12%
yellow brows gargantuar
12%
Z7 imp
12%
Z7 mech
12%
zcorp contractor buckethead
12%
zcorp contractor conehead
12%
zombie crow
12%
zombie dove
12%
zombot 1000
12%
zombot aerostatic gondola
12%
abilities (GW1) zombot drone
12%
zombot drone engineer
12%
zoologist
12%
Battle for Neighborville 80s action hero
6%
ac perry
6%
actor zombie
6%
ancient vimpire
6%
archaeologist
6%
archer zombie
6%
arm wrestler
6%
astro goop zombie
6%
astronaut
6%
ballpark frank
6%
baron von bats
6%
barrel pirate
6%
baseball star
6%
basketball zombie
6%
batty vimpire
6%
beam me up
6%
bear mountain lord gargantuar
6%
PvZ 3 bowling zombie
6%
bride of frankentuar
6%
bubble gun imp
6%
buckethead flag zombie
6%
bungee plumber
6%
camo ranger
6%
captain flameface
6%
captain partyman
6%
captain sharkbite
6%
captain smasher
6%
captain squawk
6%
cardboard robot zombie
6%
catapult baseball zombie
6%
cat lady
6%
cell phone zombie
6%
cheese cutter
6%
chinese zombies
6%
chum champion
6%
clamshell god zombie
6%
coach zombie
6%
computer scientist
6%
conga zombie
6%
copter commando
6%
cosmic dancer
6%
cosmic imp
6%
cosmic scientist
6%
cosmic sports star
6%
cosmic yeti
6%
cowboy imp
6%
cozmic brainz
6%
cricket star
6%
crossing guard
6%
cuckoo zombie
6%
disco dance floor
6%
disco naut
6%
donut roller
6%
dragon zombie
6%
dr heals
6%
dr toxic
6%
drunk zombie
6%
duckstache
6%
dummy
6%
electric boogaloo
6%
electrician
6%
electro brainz
6%
elite onmyoji zombie
6%
elite Zcorpion zombie
6%
emperor qin shi huang
6%
feastivus gargantuar
6%
feastivus imp
6%
fire rooster
6%
firewall zombie
6%
fishy imp
6%
flamingo
6%
flamingo rider
6%
fog machine zombie
6%
food fight buckethead
6%
food fight conehead
6%
food fight flag zombie
6%
thymed events food fight zombie
6%
fraidy cat
6%
funeral crashers
6%
future imp
6%
future parrot pal
6%
gadget scientist
6%
gargantuar throwing gargantuar
6%
gargantuar throwing imp
6%
bosses (GW2) gargoatuar
6%
ghost zombie
6%
goalie zombie
6%
goat
6%
great wall catapult zombie
6%
great wall soldier zombie
6%
great wall zombie
6%
halloween buckethead
6%
halloween conehead
6%
halloween flag zombie
6%
halloween zombie
6%
haunting ghost
6%
haunting zombie
6%
hawker cart
6%
heal zombie
6%
hide n shoot bot
6%
horn zombie
6%
hot dog imp
6%
hot dog vendor
6%
ice pirate
6%
immorticia
6%
imp commander
6%
impfinity clone
6%
imposter zombie
6%
imp throwing gargantuar
6%
imp wolf
6%
jackhammer zombie
6%
removed (pvz all stars) jam hsiao
6%
jellyfish zombie
6%
ketchup carrier
6%
keytar zombie
6%
killer whale
6%
king of the grill
6%
landscaper
6%
late boomer
6%
leprechaun imp
6%
long bomb
6%
loose cannon
6%
loudmouth imp
6%
bosses (BFN) major problem
6%
mechanic
6%
miner problem
6%
miner threat
6%
mixed up gravedigger
6%
money bag zombie
6%
monkey
6%
moto x star
6%
mr freezy
6%
mr toasty
6%
mustache monument
6%
new year buckethead zombie
6%
new year conehead zombie
6%
new year flag zombie
6%
new year zombie
6%
olds cool
6%
painter
6%
paleontologist
6%
parrot pal
6%
party brainz
6%
party imp
6%
party mech
6%
peddler zombie
6%
pigeon feeder
6%
pirate exploding imp
6%
pitchfork zombie
6%
plumber
6%
plunger zombie
6%
pop star zombie
6%
portal technician
6%
power walker
6%
primeval yeti
6%
queen zombie
6%
rabbit zombie
6%
rainbow bass imp
6%
rainbow glitz
6%
rake thrower zombie
6%
returned octo zombie
6%
roadie Z
6%
robber imp
6%
rocket drone
6%
rock n rolling imp
6%
rugby star
6%
sasquatch
6%
sasquatch imp
6%
saturn peach zombie
6%
scallywag imp
6%
scallywag mech
6%
screen door pirate
6%
seahorse zombie
6%
sharktronic sand sub
6%
shield guardian zombie
6%
shrimp mech
6%
skunk punk
6%
slugger zombie
6%
space station
6%
spear thrower zombie
6%
spider demon imp
6%
stinky goat
6%
stone carrier gargantuar
6%
stupid cupid
6%
summer nights bug zombie
6%
sunbather zombie
6%
sunflower zombie
6%
super commando
6%
super duper brainz
6%
swabbie
6%
taco imp
6%
tank commander
6%
team mascot
6%
teleportation zombie
6%
tennis star
6%
the yeti king
6%
tim
6%
torch juggler zombie
6%
toxic brainz
6%
toxic waste imp
6%
trapper zombie
6%
trick or treater
6%
turkey boss
6%
turkey wrangler
6%
spawnables/wild ai (BFN) tv buckethead
6%
tv conehead
6%
undying pharaoh
6%
valenbrainz buckethead
6%
valenbrainz conehead
6%
valenbrainz flag zombie
6%
holidays valenbrainz zombie
6%
valkyrie
6%
vampire zombie
6%
viking conehead
6%
viking zombie
6%
war chariot zombie
6%
weightlifter zombie
6%
wok head zombie
6%
zen sensei
6%
zombats
6%
zombie coach
6%
zombie high diver
6%
zombie pigeon
6%
zombie piggy
6%
zombie turkey
6%
zomblot
6%
zombooger
6%
zombot battlecruiser 5000
6%
others (GW1) zombot turret
6%
zookeeper
6%
abracadaver
0%
aerobics instructor
0%
barrel of deadbeards
0%
BFN extras bart barian
0%
battle leaders basecoat bert
0%
Bea Careful
0%
beehive thrower zombie
0%
bell breaker bot
0%
berserker
0%
big boy gang leader
0%
big brainz all star zombie
0%
big brainz balloon zombie
0%
big brainz basic zombie
0%
big brainz buckethead
0%
big brainz conehead
0%
big brainz flag zombie
0%
big brainz gargantuar
0%
big brainz imp
0%
big brainz newspaper zombie
0%
big brainz super fan imp
0%
binary stars
0%
biodome botanist
0%
bird
0%
bird rider zombie
0%
birthday cake pharaoh
0%
birthdayz barrel roller
0%
birthdayz flag zombie
0%
birthdayz zombie
0%
blitzer
0%
blowgun imp
0%
bounty hunt bomby dearest
0%
bonus track buckethead
0%
bouncer bot
0%
boxer bot
0%
brain freeze
0%
brainstorming zombies
0%
brain vendor
0%
breaker bot
0%
brick fistmissile
0%
broadsword zombie
0%
buckethead terracotta
0%
bunnycoat
0%
buried treasure
0%
capn sharklunch
0%
captain cozplay
0%
celestial custodian
0%
chefster zombie
0%
chieftain
0%
chimney sweep
0%
cleatus
0%
club zombie
0%
coffee zombie
0%
spawnables (GW2) conehead screen door zombie
0%
conehead terracotta
0%
cookie
0%
co star
0%
cryo yeti
0%
cult member
0%
cursed gargolith
0%
cyborg zombie
0%
defender bot
0%
defensive end
0%
diane
0%
dig wig
0%
ding dong
0%
dragon rider imp
0%
dr daul fin
0%
dr fizzician
0%
dr nurse doctor
0%
other (GW2) dr patient
0%
dr real doctor
0%
dr spacetime
0%
dr spork
0%
drum major
0%
heroes event (pvz 2) electric boogaloo zombie
0%
energy drink zombie
0%
exploding fan imp
0%
explody bot
0%
elusive foes fantastico
0%
feastivus camel zombies
0%
feastivus pianist zombie
0%
feastivus poncho zombie
0%
firefighter
0%
fireworks zombie
0%
flag terracotta zombie
0%
flamenco zombie
0%
foot soldier zombie
0%
frankentuar
0%
gargologist
0%
gas giant
0%
gene error
0%
general supremo
0%
genetic experiment
0%
gifted boxer bot
0%
giga imp
0%
gizzard lizzard
0%
going viral
0%
grail head zombie
0%
grave robber
0%
great wall buckethead zombie
0%
great wall conehead zombie
0%
great wall flag zombie
0%
harvester zombie
0%
haunted uplink bot
0%
headhunter
0%
headstone carver
0%
abilities (BFN) heavy helper
0%
hero cleopatra zombie
0%
hippity hop gargantuar
0%
holiday browncoat
0%
holiday gargantuar
0%
holiday imp
0%
huge gigantacus
0%
hugh d votee
0%
impfinity zombie
0%
imp throwing imp
0%
interdimensional zombie
0%
intergalactic warlord
0%
interstellar bounty hunter
0%
iron boarder
0%
izzy
0%
jackocoat
0%
just brad
0%
kangaroo
0%
kangaroo rider
0%
karate zombie
0%
kitchen sink zombie
0%
kite flyer
0%
knight of the living dead
0%
kunai zombie
0%
lawnbowl balloon zombie
0%
lawnbowl buckethead
0%
lawnbowl gargantuar
0%
lawnbowl imp
0%
lawnbowl wizard
0%
line dancing zombie
0%
locust swarm
0%
lost colosseum
0%
loudhare bot
0%
loudmouth bot
0%
mad chemist
0%
mag pete o
0%
majestico
0%
mammoth rider zombie
0%
mask zombie
0%
mecha cat
0%
mechanical wolf zombie
0%
medic
0%
mini ninja
0%
mondo bronto
0%
monkey smuggler
0%
monty
0%
moonwalker
0%
mountain climber
0%
mr business
0%
mr electro
0%
mr freezy egg
0%
mrs frankenstorm
0%
mr toxic
0%
mustache waxer
0%
mystery egg
0%
neutron imp
0%
new year camel zombies
0%
norm alguy
0%
nurse gargantuar
0%
octo pet
0%
octopus
0%
ol deadbeard
0%
orchestra conductor
0%
otto do
0%
overstuffed zombie
0%
pack rat
0%
paparazzi zombie
0%
peg legpuller
0%
pied piper
0%
pizza delivery zombie
0%
planetary gladiator
0%
pool shark
0%
power cora
0%
primitive buckethead zombie
0%
primitive conehead zombie
0%
primitive snail zombie
0%
primitive zombie
0%
primordial cheeseshover
0%
pumpkin browncoat
0%
abilities (GW2) pylon mine
0%
qigong gargantuar
0%
event exclusive (pvz online) qin shi huang mausoleum bot
0%
quasar wizard
0%
raiding raptor
0%
red janet
0%
regifting zombie
0%
robo zombie
0%
rodeo gargantuar
0%
rolleeta
0%
round hammer gargantuar
0%
rustbolt
0%
rustbolt zombie
0%
safety stan
0%
seabasstian
0%
secret agent
0%
pvz online sergeant zombie
0%
sgt plaid attitude
0%
shadez 2 cool
0%
shaman zombie
0%
shark costume zombie
0%
shell soldier zombie
0%
sheriff gargantuar
0%
shieldcrusher viking
0%
shrimp soldier zombie
0%
slingshot zombie
0%
smashing gargantuar
0%
smelly zombie
0%
snail
0%
sneezing zombie
0%
solar sage zombie
0%
space cowboy
0%
space ninja
0%
space pirate
0%
spotlight zombie
0%
springening buckethead
0%
springening camel zombies
0%
springening conehead
0%
springening flag zombie
0%
springening imp
0%
springening poncho zombie
0%
springening wizard
0%
springening zombie
0%
squiddy shaw
0%
squirrel herder
0%
stealthy imp
0%
stompadon
0%
st paddy buckethead
0%
st paddy conehead
0%
st paddy dodo
0%
st paddy dodo rider
0%
st paddy zombie
0%
sumo wrestler
0%
super brainz zombie
0%
supernova gargantuar
0%
surprise gargantuar
0%
sword zombie
0%
synchronized swimmer
0%
tankylosaurus
0%
tennis champ
0%
the advertiser
0%
the sillyboy
0%
the smash zombie
0%
tiny
0%
torch kung fu zombie
0%
pvz all stars trucker gargantuar
0%
turkey browncoat
0%
turkey rider
0%
east sea dragon palace underwater soldier zombie
0%
unlife of the party
0%
unthawed viking
0%
valenbrainz gargantuar
0%
vengeful cyborg
0%
walrus rider
0%
wannabe hero
0%
werwolf zombie
0%
western zombie
0%
winston
0%
wizard gargantuar
0%
woofzy
0%
wormhole gatekeeper
0%
zmech110113
0%
zombie gravestone
0%
zombie middle manager
0%
zombies best friend
0%
zombie worm
0%
zombology teacher
0%
zombomb
0%
zombot castroliope
0%
zomburger artist
0%
zomtree
0%
No matching quizzes found
Score Distribution
Percent of People with Each Score
Percentile by Number Answered
Your Score History
You have not taken this quiz